Manual del entrenador personal: del fitness al wellness
Gespeichert in:
| Hauptverfasser: | , , , |
|---|---|
| Format: | Buch |
| Sprache: | Spanisch |
| Veröffentlicht: |
Barcelona
Paidotribo
2007
|
| Ausgabe: | 1a. ed |
| Schlagworte: | |
| Tags: |
Tag hinzufügen
Keine Tags, Fügen Sie den ersten Tag hinzu!
|
MARC
| LEADER | 00000nam a2200000 a 4500 | ||
|---|---|---|---|
| 001 | UCG3258 | ||
| 003 | CL-VaPUC | ||
| 008 | 100819e20070000SP |||||||||||||||||spa|d | ||
| 020 | |a 9788480198516 | ||
| 082 | 0 | 4 | |a 613.711 |b ISI |2 21 |
| 100 | 0 | |a Isidro Donate, Felipe |e author |9 552235 | |
| 700 | 0 | |a Heredia, Juan Ramón |e author |9 552236 | |
| 700 | 0 | |a Pinsach, Piti |e author |9 552237 | |
| 700 | 0 | |a Costa, Miguel Ramón |e author |9 552238 | |
| 245 | 1 | 0 | |a Manual del entrenador personal: del fitness al wellness |
| 250 | |a 1a. ed | ||
| 300 | |a 582 p | ||
| 942 | |c BK | ||
| 945 | |d 20100819 00:00:00 |a mfarfan | ||
| 260 | |a Barcelona |b Paidotribo |c 2007 | ||
| 650 | 7 | |a FITNESS |2 CL-VaPUC |9 469781 | |
| 650 | 7 | |a ENTRENADORES |2 CL-VaPUC |9 341949 | |
| 650 | 7 | |a ENTRENAMIENTO FISICO |2 CL-VaPUC |9 307393 | |
| 650 | 7 | |a FLEXIBILIDAD |2 CL-VaPUC |9 552239 | |
| 650 | 7 | |a FISIOLOGIA DEPORTIVA |2 CL-VaPUC |9 485014 | |
| 650 | 0 | |a Actividad física |9 362156 | |
| 583 | |a last modification |c 20100819 00:00:00 |k Rodrigo Vera | ||
| 999 | |c 342329 |d 342327 | ||
| 952 | |0 0 |1 0 |4 0 |6 613_711000000000000_ISI_2007 |7 0 |8 C |9 438488 |a BIBCUR |b BIBCUR |d 2019-11-22 |i 4708067 |o 613.711 ISI 2007 |p 4708067 |r 2025-04-22 |w 2019-11-22 |y BK |k DEN | ||